000 00409cam a2200169ua 4500
041 _aeng
_h
082 _a823.301
_bKIP/SE
100 _aKipling, Rudyard.
245 _aSecond jungle book /
_cRudyard Kipling.
_hTextual Documents
250 _a1 /
_b.
260 _aLondon :
_bMcMillon & Co Ltd ,
_c1962.
300 _a277 ; .
504 _a
942 _cBK
999 _c4127
_d4127